书目信息 |
| 题名: |
作业场所化学品的安全使用
|
|
| 作者: | 杨书宏 编著 | |
| 分册: | ||
| 出版信息: | 北京 化学工业出版社 2005 |
|
| 页数: | 118页 | |
| 开本: | 24cm | |
| 丛书名: | 危险化学品安全丛书 | |
| 单 册: | ||
| 中图分类: | TQ086.5 | |
| 科图分类: | ||
| 主题词: | 化工产品--危险物品管理--安全技术 , 化工产品 , 危险物品管理 | |
| 电子资源: | ||
| ISBN: | 7-5025-7606-1 | |
| 000 | 00921oam2 2200277 450 | |
| 001 | 012007620336 | |
| 005 | 20070517114252.87 | |
| 010 | @a7-5025-7606-1@dCNY18.00 | |
| 100 | @a20070512d2005 km y0chiy0120 ea | |
| 101 | 0 | @achi |
| 102 | @aCN@b110000 | |
| 105 | @aa z 000yy | |
| 106 | @ar | |
| 200 | 1 | @a作业场所化学品的安全使用@Azuo ye chang suo hua xue pin de an quan shi yong@f杨书宏编著@Fyang shu hong bian zhu |
| 210 | @a北京@c化学工业出版社@d2005 | |
| 215 | @a118页@c图@d24cm | |
| 225 | 2 | @a危险化学品安全丛书 |
| 330 | @a本书介绍了化学品形态和暴露危害、火灾和爆炸危害、化学品危害的控制、化学事故的应急程序、化学品控制计划的管理等内容。 | |
| 461 | 0 | @12001 @a危险化学品安全丛书 |
| 606 | 0 | @a化工产品@x危险物品管理@x安全技术 |
| 606 | 0 | @a化工产品 |
| 606 | 0 | @a危险物品管理 |
| 690 | @aTQ086.5@v4 | |
| 701 | 0 | @a杨书宏@Ayang shu hong@4编著 |
| 801 | 0 | @aCN@bRULIN@c20070517 |
| 905 | @dTQ086.5@e121@s8 | |
| 作业场所化学品的安全使用/杨书宏编著.-北京:化学工业出版社,2005 |
| 118页:图;24cm.-(危险化学品安全丛书) |
| ISBN 7-5025-7606-1:CNY18.00 |
| 本书介绍了化学品形态和暴露危害、火灾和爆炸危害、化学品危害的控制、化学事故的应急程序、化学品控制计划的管理等内容。 |
| ● |
| 相关链接 |
|
|
|
|
正题名:作业场所化学品的安全使用
索取号:TQ086.5/121
 
预约/预借
| 序号 | 登录号 | 条形码 | 馆藏地/架位号 | 状态 | 备注 |
| 1 | 0574625 | 205746255 | 第二样本阅览室/ [索取号:TQ086.5/121] | 在馆 | |
| 2 | 0574626 | 205746264 | 密集书库/ [索取号:TQ086.5/121] | 在馆 | |
| 3 | 0574627 | 205746273 | 第三借阅区/ [索取号:TQ086.5/121] | 在馆 | |
| 4 | 0574628 | 205746282 | 第三借阅区/ [索取号:TQ086.5/121] | 在馆 | |
| 5 | 0574629 | 205746291 | 第三借阅区/ [索取号:TQ086.5/121] | 在馆 | |
| 6 | 0574630 | 205746308 | 密集书库/ [索取号:TQ086.5/121] | 在馆 | |
| 7 | 0574631 | 205746317 | 密集书库/ [索取号:TQ086.5/121] | 在馆 | |
| 8 | 0574632 | 205746326 | 密集书库/ [索取号:TQ086.5/121] | 在馆 |